Inside the ropes with Jesse Ventura (Record no. 128658)
[ view plain ]
| 000 -LEADER | |
|---|---|
| fixed length control field | 01327nam a2200349 a 4500 |
| 001 - CONTROL NUMBER | |
| control field | ebr10151241 |
| 003 - CONTROL NUMBER IDENTIFIER | |
| control field | CaPaEBR |
| 005 - DATE AND TIME OF LATEST TRANSACTION | |
| control field | 20251022003249.0 |
| 006 - FIXED-LENGTH DATA ELEMENTS--ADDITIONAL MATERIAL CHARACTERISTICS--GENERAL INFORMATION | |
| fixed length control field | m u |
| 007 - PHYSICAL DESCRIPTION FIXED FIELD--GENERAL INFORMATION | |
| fixed length control field | cr cn||||||||| |
| 008 - FIXED-LENGTH DATA ELEMENTS--GENERAL INFORMATION | |
| fixed length control field | 020416s2002 mnu s s001 0beng |
| 010 ## - LIBRARY OF CONGRESS CONTROL NUMBER | |
| Canceled/invalid LC control number | 2002005963 |
| 020 ## - INTERNATIONAL STANDARD BOOK NUMBER | |
| Cancelled/invalid ISBN | 0816641870 (acid-free paper) |
| 040 ## - CATALOGING SOURCE | |
| Original cataloging agency | CaPaEBR |
| Transcribing agency | CaPaEBR |
| 035 ## - SYSTEM CONTROL NUMBER | |
| System control number | (OCoLC)647624579 |
| 043 ## - GEOGRAPHIC AREA CODE | |
| Geographic area code | n-us-mn |
| 050 14 - LIBRARY OF CONGRESS CALL NUMBER | |
| Classification number | F610.3.V46 |
| Item number | H38 2002eb |
| 082 04 - DEWEY DECIMAL CLASSIFICATION NUMBER | |
| Classification number | 977.6/053/092 |
| -- | B |
| Edition number | 21 |
| 090 ## - LOCALLY ASSIGNED LC-TYPE CALL NUMBER (OCLC); LOCAL CALL NUMBER (OCLC) | |
| -- | 128658 |
| -- | 102375 |
| 100 1# - MAIN ENTRY--PERSONAL NAME | |
| Personal name | Hauser, Tom. |
| 9 (RLIN) | 173660 |
| 245 10 - TITLE STATEMENT | |
| Title | Inside the ropes with Jesse Ventura |
| Medium | [electronic resource] / |
| Statement of responsibility, etc | Tom Hauser. |
| 260 ## - PUBLICATION, DISTRIBUTION, ETC. (IMPRINT) | |
| Place of publication, distribution, etc | Minneapolis : |
| Name of publisher, distributor, etc | University of Minnesota Press, |
| Date of publication, distribution, etc | c2002. |
| 300 ## - PHYSICAL DESCRIPTION | |
| Extent | xvii, 427 p. ; |
| Dimensions | 24 cm. |
| 500 ## - GENERAL NOTE | |
| General note | Includes index. |
| 533 ## - REPRODUCTION NOTE | |
| Type of reproduction | Electronic reproduction. |
| Place of reproduction | Palo Alto, Calif. : |
| Agency responsible for reproduction | ebrary, |
| Date of reproduction | 2009. |
| Note about reproduction | Available via World Wide Web. |
| -- | Access may be limited to ebrary affiliated libraries. |
| 600 10 - SUBJECT ADDED ENTRY--PERSONAL NAME | |
| Personal name | Ventura, Jesse. |
| 9 (RLIN) | 80465 |
| 650 #0 - SUBJECT ADDED ENTRY--TOPICAL TERM | |
| Topical term or geographic name as entry element | Governors |
| Geographic subdivision | Minnesota |
| Form subdivision | Biography. |
| 9 (RLIN) | 80466 |
| 651 #0 - SUBJECT ADDED ENTRY--GEOGRAPHIC NAME | |
| Geographic name | Minnesota |
| General subdivision | Politics and government |
| Chronological subdivision | 1951- |
| 9 (RLIN) | 80467 |
| 655 #7 - INDEX TERM--GENRE/FORM | |
| Genre/form data or focus term | Electronic books. |
| Source of term | local |
| 9 (RLIN) | 190 |
| 710 2# - ADDED ENTRY--CORPORATE NAME | |
| Corporate name or jurisdiction name as entry element | ebrary, Inc. |
| 9 (RLIN) | 191 |
| 856 40 - ELECTRONIC LOCATION AND ACCESS | |
| Uniform Resource Identifier | <a href="http://site.ebrary.com/lib/strathmore/Doc?id=10151241">http://site.ebrary.com/lib/strathmore/Doc?id=10151241</a> |
| Public note | An electronic book accessible through the World Wide Web; click to view |
No items available.